Loreto College Library, Kolkata
WEBOPAC (ONLINE PUBLIC ACCESS CATALOGUE)

The Poem Tree, Book 6 (Record no. 36773)

MARC details
000 -LEADER
fixed length control field 00490nam a2200181Ia 4500
008 - FIXED-LENGTH DATA ELEMENTS--GENERAL INFORMATION
fixed length control field 131103s9999 xx 000 0 und d
020 ## - ISBN | অাই এস বি এন
ISBN | অাই এস বি এন 195642015
PRICE Rs.30.00
040 ## - CATALOGING SOURCE
Original cataloging agency Loreto College
041 ## - LANGUAGE CODE
Language code English
082 ## - DDC | ডিউই
Classification number | বর্গসংখ্যা CHBK-II/GAS
Book Number | গ্রন্থাঙ্ক LCBED/14392
245 ## - TITLE STATEMENT | অাখ্যা বিবরণী
Title | অাখ্যা The Poem Tree, Book 6
Statement of responsibility | লেখকের দায়িত্বের বিবরণ Dean Gasper
260 ## - IMPRINT | প্রকাশনা ক্ষেত্র
Place of publication | প্রকাশ স্থান Delhi
Name of publisher | প্রকাশকের নাম Oxford University Press
Date of publication | প্রকাশ কাল 1998
300 ## - PHYSICAL DESCRIPTION |
Page / Vol. No | পৃষ্ঠা / খন্ড সংখ্যা 65p.
504 ## - BIBLIOGRAPHY, ETC. NOTE
Bibliography, etc Contains notes
650 ## - SUBJECT ADDED ENTRY--TOPICAL TERM | বিষয় শিরোনাম - মূল বিষয়
Topical term | মূল বিষয় Poetry-Children
850 ## - HOLDING INSTITUTION
Holding institution LCBED/CHBK-II/GAS
942 ## - ADDED ENTRY ELEMENTS (KOHA)
Koha item type Books
Holdings
Withdrawn status Lost status Damaged status Not for loan Home library Current library Date acquired Total Checkouts Full call number Accession No. Date last seen Price effective from Koha item type
        Loreto College Loreto College 04/11/2013   CHBK-II/GAS LCBED/14392 B39855 04/11/2013 04/11/2013 Books